Species of Feline - Statistics

General Stats
  • This quiz has been taken 266 times
  • The average score is 20 of 42
Answer Stats
Answer % Correct
Puma Cougar
93%
Panthera Lion
92%
Panthera Leopard
91%
Panthera Tiger
91%
Felis Cat
83%
Panthera Jaguar
82%
Acinonyx Cheetah
80%
Caracal Caracal
79%
Panthera Snow Leopard
73%
Lynx Bobcat
70%
Leopardus Ocelot
70%
Lynx Eurasian Lynx
56%
Leptailurus Serval
55%
Lynx Canada Lynx
53%
Neofelis Clouded Leopard
51%
Otocolobus Pallas's Cat
47%
Felis Sand Cat
47%
Prionailurus Fishing Cat
45%
Lynx Iberian Lynx
45%
Felis European Wildcat
42%
Felis African Wildcat
41%
Herpailurus Jaguarundi
40%
Neofelis Sunda Clouded Leopard
36%
Felis Black-Footed Cat
32%
Leopardus Margay
32%
Caracal African Golden Cat
31%
Leopardus Muñoa's Grass Cat
31%
Leopardus Pampas Cat
31%
Catopuma Asian Golden Cat
30%
Prionailurus Leopard Cat
30%
Prionailurus Rusty Spotted Cat
29%
Catopuma Bay Cat
27%
Felis Jungle Cat
27%
Leopardus Kodkod
27%
Leopardus Oncilla
27%
Leopardus Andean Mountain Cat
24%
Leopardus Geoffroy's Cat
24%
Prionailurus Flat-Headed Cat
23%
Pardofelis Marbled Cat
23%
Felis Chinese Mountain Cat
21%
Prionailurus Sunda Leopard Cat
19%
Leopardus Southern Tiger Cat
18%
No matching quizzes found
Score Distribution
Percent of People with Each Score
Percentile by Number Answered
Your Score History
You have not taken this quiz